Výskumný ústav energetický v Bratislave

Bibliographic Details
Main Author: Šlachta, Štefan, 1939-2016 (Author)
Format: Article
Language:Slovak
PhysicalDescription:Obr. 7.
Subjects:

MARC

LEADER 00000nab a2200000 a 4500
001 vtls000001190
003 SK-MaSNL
005 20260304071010.0
008 250422c1978 xo 0 slo
015 |a SNBRB19rr/mm-uuuuu 
035 |a CL0011282 
035 |a urn:nbn:sk:snk-abdjgk 
035 |a (urnnbn)urn:nbn:sk:snk:ar-000r4m 
035 |a (uuid)ac524dc9-459d-4a8f-984e-11fd44758c14 
040 |a SNKBUCL  |b slo  |c SNKBUCL  |e AACR2 
041 0 |a slo 
044 |a xo  |c SK 
080 |a 727  |2 1981 
100 1 |a Šlachta, Štefan,  |d 1939-2016  |4 aut  |9 55255 
245 1 0 |a Výskumný ústav energetický v Bratislave  |c Štefan Šlachta 
300 |b Obr. 7. 
610 7 |a Výskumný ústav energetický (Bratislava, Slovensko)  |2 snkbucl  |9 1005514 
655 7 |a články z novín a časopisov  |2 snkbucl  |9 267496 
773 0 |t Projekt  |g Roč. 20, č. 5 (1978), s. 17-18 
850 |a Slovenská národná knižnica 
852 |a Slovenská národná knižnica 
954 |a odborná, vedecká literatúra pôvodná (slovenská)  |2 lita 
957 |a 5100 
958 |a article19 
958 |a RK 
958 |a OND 
958 |a EUIPO 
992 |a RBX 
999 |c 2758356  |d 2760286